00557nam a2200181 a 450000100060000000300080000600500170001400800410003103500200007204000260009204100080011808200220012624500870014826000760023530000210031165000200033270000230035251927BD-RjUL20211209075730.0160904s1962 aca||||| |||| 00| 0 eng d a(BD-RjUL) 52047 aBD-RjULbengcBD-RjUL aeng 223a425bINT 196200aIntermediate Comprehension Exercises / cprepared by C. Teesdale Smith...[et. al.] aAustralia :bThe South Australian English Teachers' Association, c1962 a90 p. ;c21 cm.  aEnglish Grammar aSmith, C. Teesdale